Armonía popular moderna

Salvato in:
Dettagli Bibliografici
Autore principale: Cheul Holas, Luis (Autore)
Natura: Libro
Lingua:spagnolo
Pubblicazione: Valparaíso Universitarias 2010
Soggetti:
Tags: Aggiungi Tag
Nessun Tag, puoi essere il primo ad aggiungerne!!

MARC

LEADER 00000cam a2200000 a 4500
001 UCG5977
003 CL-VaPUC
005 20250321144602.0
008 110331e20100000CL |||||||||||||||||spa|d
999 |c 344300  |d 344298 
020 |a 9789561704732 
040 |c Pontificia Universidad Católica de Valparaíso 
082 0 4 |a 781.25  |b CHE  |2 21 
100 0 |a Cheul Holas, Luis  |e author  |9 555944 
245 1 0 |a Armonía popular moderna 
260 |a Valparaíso  |b Universitarias  |c 2010 
300 |a 179 p 
583 |a last modification  |c 20130513 01:57:05  |k Rodrigo Vera 
650 0 |a Armonía  |9 306328 
650 0 |a Acordes  |9 456861 
650 0 |a Tonalidad  |2 CL-VaPUC  |9 456866 
650 0 |a Modulación  |2 CL-VaPUC  |9 363509 
942 |c BK  |2 ddc 
945 |d 20110331 00:00:00  |a dcastane 
952 |0 0  |1 0  |2 ddc  |4 0  |6 781_250000000000000_CHE_2010  |7 0  |8 A  |9 442211  |a BIBEDU  |b BIBEDU  |c ES_NOD  |d 2019-11-22  |i 4971280  |l 1  |o 781.25 CHE 2010  |p 4971280  |r 2024-08-21  |s 2024-08-21  |w 2019-11-22  |y BK  |k MUS